[Event "Wroclaw op-A"]
[Site "Wroclaw"]
[Date "2022.07.31"]
[Round "2"]
[White "Mis, Mieszko"]
[Black "Den Boer, Lennard"]
[Result "1-0"]
[WhiteElo "2401"]
[BlackElo "2148"]
[PlyCount "65"]
[EventDate "2022.07.31"]
[EventType "swiss"]
[EventRounds "9"]
[EventCountry "POL"]
[SourceTitle "CBM 209 Extra"]
[Source "ChessBase"]
[SourceDate "2022.09.30"]
[SourceVersion "1"]
[SourceVersionDate "2022.09.30"]
[SourceQuality "1"]

1. d4 d5 2. c4 e6 3. Nf3 c6 4. Nbd2 f5 5. g3 Nf6 6. Bg2 Bd6 7. 0-0 Nbd7 8. b3 0-0 9. Bb2 Ne4 10. e3 b6 11. Qe2 a5 12. Rfc1 Ba6 13. a4 Qe7 14. Qd1 Rac8 15. Bf1 Nxd2 16. Qxd2 Bb4 17. Bc3 Bxc3 18. Qxc3 Nf6 19. Ne5 Ne4 20. Qe1 c5 21. cxd5 Bxf1 22. Qxf1 exd5 23. Qb5 Rf6 24. Rc2 Rc7 25. Rac1 Re6 26. Nd3 Rec6 27. dxc5 bxc5 28. Nf4 Ng5 29. Nxd5 Qe4 30. Qc4 Nf3+ 31. Kh1 Nd4+ 32. f3 Qxf3+ 33. Rg2 1-0

[Event "Krakow op-A 30th"]
[Site "Krakow"]
[Date "2019.12.28"]
[Round "2"]
[White "Kopylov, Daniel"]
[Black "Den Boer, Lennard"]
[Result "1-0"]
[WhiteElo "2294"]
[BlackElo "2132"]
[PlyCount "53"]
[EventDate "2019.12.27"]
[EventType "swiss"]
[EventRounds "9"]
[EventCountry "POL"]
[SourceTitle "CBM 195 Extra"]
[Source "ChessBase"]
[SourceDate "2020.05.31"]
[SourceVersion "1"]
[SourceVersionDate "2020.05.31"]
[SourceQuality "1"]

1. e4 e6 2. d4 d5 3. Nd2 Nf6 4. e5 Nfd7 5. Bd3 b6 6. Ne2 Ba6 7. Bxa6 Nxa6 8. 0-0 c5 9. c4 dxc4 10. Nxc4 b5 11. Nd6+ Bxd6 12. exd6 c4 13. a4 b4 14. d5 e5 15. Ng3 Qf6 16. Qg4 Nac5 17. Qxc4 a5 18. Be3 Qxd6 19. Rfc1 Nb7 20. Qc6 Qb8 21. Nf5 Nd8 22. Nxg7+ Ke7 23. d6+ Kf6 24. Qxd7 Kxg7 25. Qg4+ Kf8 26. Bh6+ Ke8 27. Qg7 1-0

[Event "Krakow op-A 30th"]
[Site "Krakow"]
[Date "2019.12.27"]
[Round "1"]
[White "Den Boer, Lennard"]
[Black "Zochowski, Kacper"]
[Result "1/2-1/2"]
[WhiteElo "2132"]
[BlackElo "2313"]
[PlyCount "78"]
[EventDate "2019.12.27"]
[EventType "swiss"]
[EventRounds "9"]
[EventCountry "POL"]
[SourceTitle "CBM 195 Extra"]
[Source "ChessBase"]
[SourceDate "2020.05.31"]
[SourceVersion "1"]
[SourceVersionDate "2020.05.31"]
[SourceQuality "1"]

1. e4 d6 2. d4 Nf6 3. Nc3 g6 4. Nf3 Bg7 5. h3 0-0 6. Be3 c6 7. Be2 Qc7 8. 0-0 e5 9. d5 cxd5 10. exd5 a6 11. Na4 Nbd7 12. c4 b6 13. Rc1 Nc5 14. Nd2 Nxa4 15. Qxa4 Bb7 16. f4 exf4 17. Bxf4 Nd7 18. Qa3 Ne5 19. Ne4 Rfd8 20. Bg5 Rd7 21. Bf6 b5 22. cxb5 Qb6+ 23. Kh1 axb5 24. Qb3 Qd4 25. Bxg7 Qxe4 26. Bxe5 dxe5 27. Qxb5 Qxd5 28. Qxd5 Bxd5 29. a3 Rb7 30. Rc2 Be4 31. Rd2 Kg7 32. Bf3 Bxf3 33. Rxf3 Rc8 34. g4 Rc1+ 35. Kg2 e4 36. Rf4 Rb1 37. Rxe4 R1xb2 38. Rxb2 Rxb2+ 39. Kf3 Ra2 1/2-1/2

[Event "Krakow op-A 29th"]
[Site "Krakow"]
[Date "2018.12.28"]
[Round "2"]
[White "Goumas, Georgios"]
[Black "Den Boer, Lennard"]
[Result "1-0"]
[WhiteElo "2378"]
[BlackElo "2173"]
[PlyCount "45"]
[EventDate "2018.12.27"]
[EventType "swiss"]
[EventRounds "9"]
[EventCountry "POL"]
[SourceTitle "CBM 189 Extra"]
[Source "ChessBase"]
[SourceDate "2019.06.03"]
[SourceVersion "1"]
[SourceVersionDate "2019.06.03"]
[SourceQuality "1"]

1. e4 e6 2. d4 d5 3. Nd2 Nf6 4. e5 Nfd7 5. Bd3 b6 6. Nh3 Ba6 7. Bxa6 Nxa6 8. 0-0 c5 9. c3 Qc8 10. Qg4 cxd4 11. cxd4 Qc2 12. Nf3 Nb4 13. Nf4 h5 14. Nxh5 Qh7 15. Nf4 Nc2 16. Nxe6 fxe6 17. Qxe6+ Be7 18. Bg5 g6 19. Qxd5 Bxg5 20. Qxa8+ Ke7 21. Qc6 Nxa1 22. Qd6+ Ke8 23. e6 1-0

[Event "Krakow op-A 29th"]
[Site "Krakow"]
[Date "2018.12.27"]
[Round "1"]
[White "Den Boer, Lennard"]
[Black "Galperin, Platon"]
[Result "1/2-1/2"]
[WhiteElo "2173"]
[BlackElo "2363"]
[PlyCount "90"]
[EventDate "2018.12.27"]
[EventType "swiss"]
[EventRounds "9"]
[EventCountry "POL"]
[SourceTitle "CBM 188 Extra"]
[Source "ChessBase"]
[SourceDate "2019.02.26"]
[SourceVersion "1"]
[SourceVersionDate "2019.02.26"]
[SourceQuality "1"]

1. e4 c6 2. Nc3 d5 3. Nf3 dxe4 4. Nxe4 Nf6 5. Ng3 h5 6. h4 Bg4 7. Be2 e6 8. Ne5 Bxe2 9. Qxe2 Qd5 10. c4 Qd8 11. d3 Bd6 12. d4 Nbd7 13. 0-0 Qc7 14. Re1 c5 15. Nxd7 Nxd7 16. d5 Bxg3 17. fxg3 e5 18. Qf3 g6 19. Bg5 Qd6 20. g4 f6 21. Bd2 hxg4 22. Qxg4 f5 23. Qg3 0-0-0 24. Bg5 Rde8 25. a3 Rhf8 26. Rab1 Qa6 27. Qc3 f4 28. Re4 Rf5 29. Rbe1 Ref8 30. Qf3 Qd6 31. Qf2 b6 32. g4 fxg3 33. Qxg3 R8f7 34. Bh6 Qf6 35. R4e2 Rf3 36. Qg4 Rf1+ 37. Rxf1 Qxf1+ 38. Kh2 Rf5 39. Rg2 Kc7 40. Qxg6 Rf6 41. Qg7 Qxc4 42. Bg5 Rf8 43. h5 Qxd5 44. Rd2 Rf7 45. Qg6 Qf3 1/2-1/2

[Event "Orlova op-A 11th"]
[Site "Orlova"]
[Date "2014.05.27"]
[Round "2"]
[White "Bilczewski, Kacper"]
[Black "Den Boer, Lennard"]
[Result "1/2-1/2"]
[WhiteElo "1800"]
[BlackElo "2044"]
[PlyCount "50"]
[EventDate "2014.05.26"]
[EventType "swiss"]
[EventRounds "9"]
[EventCountry "CZE"]
[SourceTitle "CBM 160 Extra"]
[Source "ChessBase"]
[SourceDate "2014.07.01"]
[SourceVersion "1"]
[SourceVersionDate "2014.07.01"]
[SourceQuality "1"]

1. e4 e6 2. d4 d5 3. exd5 exd5 4. Bd3 Bd6 5. Ne2 Qf6 6. 0-0 Bg4 7. c4 dxc4 8. Bxc4 Ne7 9. Nbc3 Qg6 10. Qb3 0-0 11. Nb5 Nbc6 12. Nf4 Qf6 13. Qg3 Bd7 14. Nh5 Qg6 15. Qxg6 Nxg6 16. Nxd6 cxd6 17. Be3 Rac8 18. Rac1 Nce7 19. Ng3 d5 20. Bd3 Nh4 21. Rxc8 Rxc8 22. Rc1 Nef5 23. Rxc8+ Bxc8 24. Nxf5 Nxf5 25. Bxf5 Bxf5 1/2-1/2

[Event "Brasschaat op 11th"]
[Site "Brasschaat"]
[Date "2011.08.22"]
[Round "3"]
[White "Peredy, Ferenc"]
[Black "Den Boer, Lennard"]
[Result "1-0"]
[WhiteElo "2216"]
[BlackElo "1958"]
[PlyCount "67"]
[EventDate "2011.08.20"]
[EventType "swiss"]
[EventRounds "9"]
[EventCountry "BEL"]
[SourceTitle "CBM 144 Extra"]
[Source "ChessBase"]
[SourceDate "2011.10.28"]
[SourceVersion "1"]
[SourceVersionDate "2011.10.28"]
[SourceQuality "1"]

1. d4 e6 2. c4 f5 3. g3 Nf6 4. Bg2 c6 5. Nh3 d5 6. Qc2 Bd6 7. 0-0 0-0 8. Bf4 Ne4 9. f3 Bxf4 10. Nxf4 Nd6 11. c5 Nb5 12. e3 Qe8 13. Nd3 Nd7 14. a4 Nc7 15. f4 Qh5 16. Nc3 Ne8 17. b4 Nef6 18. Bf3 Ng4 19. Qe2 Ndf6 20. Ne5 Qh3 21. Bxg4 Nxg4 22. Nxg4 fxg4 23. Nd1 Qh5 24. Nf2 e5 25. dxe5 Qg6 26. Rfd1 Bf5 27. Rd4 Rfd8 28. Qd2 h5 29. e4 Be6 30. f5 Bxf5 31. exf5 Qxf5 32. Re1 g5 33. Ne4 Qxe5 34. Nxg5 1-0

[Event "Goch op 21st"]
[Site "Goch"]
[Date "2010.10.02"]
[Round "5"]
[White "Coenen, Siegfried"]
[Black "Den Boer, Lennard"]
[Result "0-1"]
[WhiteElo "2008"]
[BlackElo "1926"]
[PlyCount "146"]
[EventDate "2010.09.30"]
[EventType "swiss"]
[EventRounds "7"]
[EventCountry "GER"]
[SourceTitle "EXT 2012"]
[Source "ChessBase"]
[SourceDate "2011.11.24"]
[SourceVersion "1"]
[SourceVersionDate "2011.11.24"]
[SourceQuality "1"]

1. e4 e6 2. d4 d5 3. Nd2 Nf6 4. e5 Nfd7 5. Bd3 c5 6. c3 Nc6 7. Ne2 cxd4 8. cxd4 Qb6 9. Nf3 f6 10. exf6 Nxf6 11. 0-0 Bd6 12. a3 0-0 13. Nc3 e5 14. dxe5 Nxe5 15. Nxe5 Bxe5 16. Nxd5 Nxd5 17. Qh5 Bxh2+ 18. Qxh2 Nf6 19. Bg5 h6 20. Be3 Qb3 21. Qd6 Be6 22. Rfc1 Rad8 23. Qe5 Rxd3 24. Bxa7 Rfd8 25. f3 Rd1+ 26. Rxd1 Rxd1+ 27. Rxd1 Qxd1+ 28. Kh2 Qd5 29. Qc7 Ne8 30. Qc3 b6 31. Bb8 Qh5+ 32. Kg3 Qg5+ 33. Kf2 Qc5+ 34. Qxc5 bxc5 35. Ke3 Kf7 36. Ba7 c4 37. Bb8 Ke7 38. Be5 Kd7 39. Kd4 Kc6 40. Bf4 h5 41. a4 g6 42. Bd2 Nd6 43. Ke5 Bf5 44. Bb4 Nb7 45. Kd4 Bc2 46. Kxc4 Bxa4 47. Kd4 Bc2 48. Ke5 Kb5 49. Be7 Na5 50. Bf6 Nc4+ 51. Kf4 Kb4 52. g4 hxg4 53. fxg4 Kb3 54. Kg5 Nxb2 55. Kf4 Nd3+ 56. Ke3 Kc4 57. Ke4 Bd1 58. g5 Bg4 59. Bd8 Bf5+ 60. Kf3 Kd5 61. Bc7 Nc5 62. Ba5 Bc2 63. Kf4 Ne6+ 64. Kg4 Bd1+ 65. Kh4 Ke5 66. Bd2 Kf5 67. Be3 Ke4 68. Bc1 Kf3 69. Kh3 Be2 70. Kh4 Nd4 71. Kh3 Bf1+ 72. Kh2 Kg4 73. Kg1 Ne2+ 0-1

[Event "Goch op 20th"]
[Site "Goch"]
[Date "2009.10.03"]
[Round "4"]
[White "Menzel, Thomas"]
[Black "Den Boer, Lennard"]
[Result "0-1"]
[WhiteElo "1804"]
[BlackElo "1945"]
[PlyCount "142"]
[EventDate "2009.10.01"]
[EventType "swiss"]
[EventRounds "7"]
[EventCountry "GER"]
[SourceTitle "EXT 2011"]
[Source "ChessBase"]
[SourceDate "2010.11.26"]
[SourceVersion "1"]
[SourceVersionDate "2010.11.26"]
[SourceQuality "1"]

1. e4 e6 2. b3 d5 3. Bb2 Nf6 4. exd5 exd5 5. Nf3 Bd6 6. c4 0-0 7. Be2 Bf5 8. 0-0 Nbd7 9. d4 c6 10. Nc3 Re8 11. Bd3 Be4 12. Re1 Qc7 13. g3 Nf8 14. Ng5 Bxd3 15. Qxd3 Bb4 16. a3 Bxc3 17. Bxc3 h6 18. Nf3 Ng6 19. Bb2 Rad8 20. c5 Ne4 21. Nd2 f5 22. Kg2 Qf4 23. Nxe4 fxe4 24. Qe2 Qg5 25. Kh1 Rf8 26. Bc1 Qf5 27. Be3 Rf6 28. b4 Nh8 29. Rab1 Nf7 30. b5 Ng5 31. Bxg5 hxg5 32. Kg2 Rh6 33. Rh1 g4 34. bxc6 bxc6 35. Rb7 Re8 36. Qe3 Qf3+ 37. Qxf3 exf3+ 38. Kf1 Rhe6 39. Rb1 Re2 40. h3 R8e4 41. Rd1 Ra2 42. hxg4 Rxd4 43. Rb1 Rxa3 44. g5 Kf7 45. Rh4 Rxh4 46. gxh4 Kg6 47. Ke1 Rc3 48. Kd2 Rxc5 49. Ke3 Rc4 50. Rb7 a5 51. Rb6 Kh5 52. Kxf3 Kxh4 53. Rb7 g6 54. Ke3 Kxg5 55. Ra7 a4 56. Ra5 Kg4 57. Ra7 c5 58. f3+ Kg5 59. Ra6 Rc3+ 60. Ke2 a3 61. Ra4 d4 62. Ra5 Kf4 63. Ra8 Re3+ 64. Kf2 Rxf3+ 65. Kg2 Rc3 66. Kf2 Rc2+ 67. Ke1 a2 68. Kd1 Rb2 69. Kc1 Rb1+ 70. Kc2 a1Q 71. Rf8+ Kg5 0-1

[Event "Goch op 20th"]
[Site "Goch"]
[Date "2009.10.02"]
[Round "2"]
[White "Den Boer, Lennard"]
[Black "Thomas, Ingo"]
[Result "0-1"]
[WhiteElo "1945"]
[BlackElo "2148"]
[PlyCount "60"]
[EventDate "2009.10.01"]
[EventType "swiss"]
[EventRounds "7"]
[EventCountry "GER"]
[SourceTitle "EXT 2011"]
[Source "ChessBase"]
[SourceDate "2010.11.26"]
[SourceVersion "1"]
[SourceVersionDate "2010.11.26"]
[SourceQuality "1"]

1. e4 Nc6 2. d4 d5 3. e5 Bf5 4. Nf3 f6 5. Bd3 Qd7 6. c3 0-0-0 7. Be3 Bg4 8. exf6 gxf6 9. h3 Bf5 10. Bb5 Bg7 11. Qa4 a6 12. Bxc6 Qxc6 13. Qxc6 bxc6 14. Nbd2 e6 15. Nb3 Bf8 16. Kd2 Bg6 17. Bf4 Bd6 18. Bh2 Nh6 19. Nh4 Bf7 20. g4 Ng8 21. Ng2 h5 22. f3 hxg4 23. Bxd6 cxd6 24. hxg4 Ne7 25. Rae1 Kd7 26. f4 Bg6 27. Ke3 Be4 28. Kf2 Ng6 29. Ref1 Rxh1 30. Rxh1 Nxf4 0-1

[Event "Goch op 20th"]
[Site "Goch"]
[Date "2009.10.01"]
[Round "1"]
[White "Thingstad, Tormod"]
[Black "Den Boer, Lennard"]
[Result "0-1"]
[WhiteElo "962"]
[BlackElo "1945"]
[PlyCount "106"]
[EventDate "2009.10.01"]
[EventType "swiss"]
[EventRounds "7"]
[EventCountry "GER"]
[SourceTitle "EXT 2011"]
[Source "ChessBase"]
[SourceDate "2010.11.26"]
[SourceVersion "1"]
[SourceVersionDate "2010.11.26"]
[SourceQuality "1"]

1. c4 e6 2. Nc3 f5 3. g3 Nf6 4. Bg2 c6 5. d4 d5 6. cxd5 exd5 7. a3 Bd6 8. Bg5 0-0 9. e3 h6 10. Bxf6 Qxf6 11. Nge2 Na6 12. 0-0 Nc7 13. b4 g5 14. f4 Qe6 15. Qd3 Re8 16. Nd1 g4 17. Nec3 Bd7 18. Ra2 a5 19. bxa5 Rxa5 20. a4 Bb4 21. Re1 b5 22. Ree2 Bxc3 23. Nxc3 b4 24. Nd1 Bc8 25. Qb3 Ba6 26. Re1 Rb8 27. Bf1 Bc4 28. Bxc4 dxc4 29. Qb1 b3 30. Rb2 Rxa4 31. Nc3 Rab4 32. e4 Nb5 33. Nxb5 R4xb5 34. d5 cxd5 35. exf5 Qb6+ 36. Kg2 d4 37. Re6 Qb7+ 38. Kf1 Qf3+ 39. Kg1 Rf8 40. f6 d3 41. Qe1 d2 42. Rxd2 b2 43. Qb1 Kf7 44. Rde2 Qd3 45. Re7+ Kg6 46. f5+ Kh5 47. Re1 Rxf6 48. Qxd3 cxd3 49. Rb1 Rc6 50. Kf2 Rc1 51. Re1 d2 52. Rd1 Rxd1 53. Rxd1 b1Q 0-1

[Event "Twente Young Master op-B"]
[Site "Twente"]
[Date "2007.08.10"]
[Round "8"]
[White "Den Boer, Lennard"]
[Black "Lombaers, Peter"]
[Result "1-0"]
[WhiteElo "1648"]
[BlackElo "1523"]
[PlyCount "114"]
[EventDate "2007.08.06"]
[EventType "swiss"]
[EventRounds "9"]
[EventCountry "NED"]
[SourceTitle "EXT 2008"]
[Source "ChessBase"]
[SourceDate "2007.11.25"]
[SourceVersion "1"]
[SourceVersionDate "2007.11.25"]
[SourceQuality "1"]

1. e4 Nf6 2. d3 e5 3. Nf3 Nc6 4. c3 d5 5. Bg5 dxe4 6. Bxf6 gxf6 7. dxe4 Qxd1+ 8. Kxd1 Bg4 9. Nbd2 0-0-0 10. Kc2 Bc5 11. Bc4 Rd7 12. Rhf1 Rhd8 13. Bd5 Nb8 14. b4 Bf8 15. Rad1 Bh6 16. Nb3 Bf4 17. Nc5 c6 18. Nxd7 Rxd7 19. Bc4 Re7 20. Be2 Be6 21. Kb2 Nd7 22. a4 Nb6 23. Ka3 Nc4+ 24. Bxc4 Bxc4 25. Rfe1 b5 26. Rd6 Re6 27. Rxe6 Bxe6 28. axb5 cxb5 29. Rd1 a6 30. Kb2 Kc7 31. Ne1 f5 32. g3 Bh6 33. exf5 Bxf5 34. Nd3 f6 35. Nc5 Bc8 36. Rd3 Bf8 37. Rf3 Be7 38. Kc2 a5 39. Re3 a4 40. f4 Bd6 41. Ne4 exf4 42. gxf4 Bxf4 43. Rf3 Bxh2 44. Rxf6 h5 45. Rh6 Bf5 46. Kd3 Be5 47. Rxh5 Bxe4+ 48. Kxe4 Bf6 49. Rxb5 Kc6 50. Rc5+ Kb6 51. Kd3 a3 52. Ra5 Bh4 53. Rxa3 Bg3 54. c4 Be1 55. Kd4 Bxb4 56. Rb3 Ka5 57. Rxb4 Kxb4 1-0